| 000 | 00841namaa2200277 a 4500 | ||
|---|---|---|---|
| 001 | vtls001304476 | ||
| 003 | NLI | ||
| 005 | 20210627043904.0 | ||
| 008 | 120418s1980 dcu i000 0 eng | ||
| 039 | 9 |
_y201204181933 _zVLOAD |
|
| 040 | 0 |
_aNLI _cVTLS-2012_FOD _eAACR2 |
|
| 041 | 0 | _aeng | |
| 044 | _adcu | ||
| 082 | 0 | 4 | _a617.6 |
| 110 | 2 |
_aUnited States. _bDepartment of Agriculture, Education, and Welfare _9716525 |
|
| 245 | 1 | 0 |
_aSource of data related to dentist : _ba catalog |
| 260 |
_aWashington, D.C. : _bUnited States Government Printing Office, _c1980 |
||
| 300 |
_a119 p. ; _c30 cm. |
||
| 650 | 0 |
_aTeeth- _xCare and hygiene _9713690 |
|
| 650 | 0 |
_aDentist _9725435 |
|
| 887 | _a | ||
| 901 |
_aAD 137816 _b25.10.2010 |
||
| 902 | _aU.S 617.6 Un 3 | ||
| 949 |
_AVIRTUAITEM _D10000 _X100 _6ADX000137816ENG |
||
| 942 |
_2ddc _cBKS |
||
| 999 |
_c596176 _d596176 |
||